| 000 | 00513nam a2200205 b 4500 | ||
|---|---|---|---|
| 003 | OSt | ||
| 005 | 20160127150355.0 | ||
| 008 | 061221s2006 sp | ||| ||spa | ||
| 020 | _a84-96312-82-8 | ||
| 040 | _cBMC | ||
| 082 | _a861 | ||
| 100 | 1 |
_aSagristá, Leandro _938135 |
|
| 245 | 1 | 0 |
_aPasaje hacia la luz _cLeandro Sagristá |
| 250 | _a1ª ed | ||
| 260 |
_aMadrid _bVitruvio _c2006 |
||
| 300 |
_a68 p. _c21 cm |
||
| 490 |
_aBaños del Carmen _v109 |
||
| 650 | 2 | 4 |
_9357 _aPoesía española |
| 942 |
_2ddc _cBK |
||
| 999 |
_c24540 _d24540 |
||